AUTOMATIZÁCIA MERANÍ OZNMOVACÍCH KÁBLOV V KÁBLOVNIACH

Bibliographic Details
Main Author: Vazan, B. (Author)
Format: Article
Language:Slovak

MARC

LEADER 00000nab a2200000 a 4500
001 vtls010703992
003 SK-MaSNL
005 20260304195151.0
008 250709s1962 xo |||||||||||||||||slo|
035 |a (urnnbn)urn:nbn:sk:snk:ar-a03wrs 
035 |a (uuid)3ed857c6-3543-425a-8b55-be8bf83cafac 
035 |a urn:nbn:sk:snk-ab38vh 
040 |a SNKBUCL  |b slo  |c SNKBUCL  |e AACR2 
041 0 |a slo 
044 |a xo  |c SK 
100 1 |a Vazan, B.  |4 aut  |9 1152546 
245 1 0 |a AUTOMATIZÁCIA MERANÍ OZNMOVACÍCH KÁBLOV V KÁBLOVNIACH  |c B. Vazan 
773 0 |t Bulletin VÚKI  |g Roč. 15, č. 1 (1962), s. 27-36 
850 |a Slovenská národná knižnica 
852 |a Slovenská národná knižnica 
958 |a article1 
958 |a OND 
999 |c 3079821  |d 3081751